[Event "Veliko Gradiste Silver Lake op-A"]
[Site "Veliko Gradiste"]
[Date "2022.06.22"]
[Round "5"]
[White "Kandjolas, Konstantin"]
[Black "Lever, Erwan"]
[Result "0-1"]
[WhiteElo "2031"]
[BlackElo "2209"]
[PlyCount "64"]
[EventDate "2022.06.19"]
[EventType "swiss"]
[EventRounds "9"]
[EventCountry "SRB"]
[SourceTitle "CBM 209 Extra"]
[Source "ChessBase"]
[SourceDate "2022.09.30"]
[SourceVersion "1"]
[SourceVersionDate "2022.09.30"]
[SourceQuality "1"]

1. d4 Nf6 2. c4 e6 3. Nf3 d5 4. g3 dxc4 5. Bg2 a6 6. 0-0 Nc6 7. e3 Bd7 8. Qe2 Bd6 9. Qxc4 0-0 10. a3 Re8 11. Rd1 Qe7 12. Nc3 e5 13. d5 Na5 14. Qa2 e4 15. Nd2 Be5 16. Nc4 Bxc3 17. bxc3 Ba4 18. Nxa5 Bxd1 19. Nxb7 Bf3 20. Bf1 Qe5 21. c4 Rab8 22. Bb2 Qh5 23. Bxf6 Rxb7 24. Bd4 Rd8 25. Rb1 Rdb8 26. Rxb7 Rxb7 27. c5 Bg4 28. Bxa6 Bh3 29. Qa1 Rb3 30. Bc4 Qf3 31. Bf1 Bxf1 32. Kxf1 Rb1+ 0-1

[Event "Veliko Gradiste Silver Lake op-A"]
[Site "Veliko Gradiste"]
[Date "2022.06.20"]
[Round "3"]
[White "Djokic, Mihailo"]
[Black "Kandjolas, Konstantin"]
[Result "1/2-1/2"]
[WhiteElo "2194"]
[BlackElo "2031"]
[PlyCount "111"]
[EventDate "2022.06.19"]
[EventType "swiss"]
[EventRounds "9"]
[EventCountry "SRB"]
[SourceTitle "CBM 209 Extra"]
[Source "ChessBase"]
[SourceDate "2022.09.30"]
[SourceVersion "1"]
[SourceVersionDate "2022.09.30"]
[SourceQuality "1"]

1. e4 c5 2. Nf3 d6 3. d4 cxd4 4. Nxd4 Nf6 5. Nc3 g6 6. Be3 Bg7 7. f3 0-0 8. Qd2 Nc6 9. 0-0-0 d5 10. Qe1 e5 11. Nxc6 bxc6 12. exd5 Nxd5 13. Bc4 Be6 14. Ne4 Qc7 15. Bc5 Rfd8 16. h4 h6 17. g4 f5 18. gxf5 gxf5 19. Ng3 Qf7 20. Rg1 Kh8 21. Bb3 Rd7 22. Qa5 Rad8 23. Qa4 Nf4 24. Qxc6 Bxb3 25. axb3 Rxd1+ 26. Rxd1 Rxd1+ 27. Kxd1 Ne6 28. Qa8+ Kh7 29. Qxa7 Qg6 30. Bf2 f4 31. h5 Qg5 32. Ne4 Qg2 33. Kd2 Qxf3 34. Qa8 Qxh5 35. b4 Qf7 36. Qd5 Qe8 37. Nd6 Qg6 38. Ne4 Ng5 39. Kd3 Nh3 40. Kd2 Ng5 41. Kd3 Nh3 42. Bc5 f3 43. Qb7 f2 44. Bxf2 Nxf2+ 45. Ke3 Nd1+ 46. Kd2 Nxb2 47. Qd5 Qb6 48. b5 Qa5+ 49. c3 Qa4 50. Nf2 Qf4+ 51. Ke2 Nc4 52. Qd3+ Kh8 53. b6 Nxb6 54. Qd8+ Kh7 55. Qxb6 e4 56. Qe3 1/2-1/2

[Event "Pozarevac Nesic Memorial"]
[Site "Pozarevac"]
[Date "2022.02.11"]
[Round "5"]
[White "Kandjolas, Konstantin"]
[Black "Klukin, Kirill"]
[Result "0-1"]
[WhiteElo "2084"]
[BlackElo "2374"]
[PlyCount "94"]
[EventDate "2022.02.08"]
[EventType "tourn"]
[EventRounds "9"]
[EventCountry "SRB"]
[EventCategory "2"]
[SourceTitle "CBM 206 Extra"]
[Source "ChessBase"]
[SourceDate "2022.03.31"]
[SourceVersion "1"]
[SourceVersionDate "2022.03.31"]
[SourceQuality "1"]

1. d4 f5 2. Nf3 Nf6 3. g3 e6 4. Bg2 d5 5. 0-0 Bd6 6. c4 c6 7. b3 Qe7 8. Bb2 b6 9. Nbd2 0-0 10. Qc2 Ne4 11. Ne5 Bb7 12. f3 Nxd2 13. Qxd2 Bxe5 14. dxe5 dxc4 15. bxc4 Rd8 16. Qc2 c5 17. f4 Bxg2 18. Kxg2 Qb7+ 19. Kf2 Nc6 20. Rfd1 Rxd1 21. Rxd1 Rd8 22. Rd6 Rxd6 23. exd6 Qd7 24. Qc3 Na5 25. Qd3 Nb7 26. Be5 Kf8 27. g4 g6 28. gxf5 gxf5 29. e4 fxe4 30. Qxe4 Ke8 31. Qg2 Kf8 32. Qe4 Qf7 33. Qc6 Nd8 34. Qc7 Ke8 35. Ke3 Qd7 36. Kf3 Nc6 37. Ke4 h5 38. h3 Qxc7 39. dxc7 Kd7 40. a3 Nxe5 41. Kxe5 Kxc7 42. Kxe6 b5 43. Kd5 b4 44. axb4 cxb4 45. Kd4 a5 46. f5 a4 47. Kd3 Kd6 0-1

[Event "Pozarevac Nesic Memorial"]
[Site "Pozarevac"]
[Date "2022.02.08"]
[Round "1"]
[White "Kandjolas, Konstantin"]
[Black "Milosevic, Milos"]
[Result "0-1"]
[WhiteElo "2084"]
[BlackElo "2296"]
[PlyCount "80"]
[EventDate "2022.02.08"]
[EventType "tourn"]
[EventRounds "9"]
[EventCountry "SRB"]
[EventCategory "2"]
[SourceTitle "CBM 206 Extra"]
[Source "ChessBase"]
[SourceDate "2022.03.31"]
[SourceVersion "1"]
[SourceVersionDate "2022.03.31"]
[SourceQuality "1"]

1. d4 Nf6 2. c4 g6 3. Nc3 d5 4. Nf3 Bg7 5. Bg5 Ne4 6. cxd5 Nxg5 7. Nxg5 e6 8. Nf3 exd5 9. e3 0-0 10. b4 Be6 11. Be2 Nd7 12. Qb3 c6 13. 0-0 b5 14. a4 a6 15. a5 g5 16. Rac1 g4 17. Ne1 c5 18. bxc5 Nxc5 19. Qd1 Ne4 20. Nxe4 dxe4 21. Bxg4 f5 22. Be2 Qxa5 23. Rc5 Rfc8 24. Qc2 Qa3 25. g4 Bf8 26. Rc6 Bd7 27. d5 Bxc6 28. dxc6 Qc5 29. Qb3+ Kh8 30. Ng2 Rxc6 31. Nf4 Bd6 32. Ne6 Qe5 33. Nf4 fxg4 34. Rd1 Rf8 35. Rd5 Qf6 36. Bxg4 Bxf4 37. exf4 Qxf4 38. Qb2+ Rcf6 39. Bf5 e3 40. Rd8 Qxf2+ 0-1

[Event "Veliko Gradiste Silver Lake op-A"]
[Site "Veliko Gradiste"]
[Date "2021.06.29"]
[Round "8"]
[White "Kandjolas, Konstantin"]
[Black "Strugnell, Carl"]
[Result "0-1"]
[WhiteElo "2017"]
[BlackElo "2229"]
[PlyCount "54"]
[EventDate "2021.06.23"]
[EventType "swiss"]
[EventRounds "9"]
[EventCountry "SRB"]
[SourceTitle "EXT 2022"]
[Source "ChessBase"]
[SourceDate "2021.10.06"]
[SourceVersion "1"]
[SourceVersionDate "2021.10.06"]
[SourceQuality "1"]

1. d4 Nf6 2. c4 e6 3. Nf3 d5 4. Nc3 dxc4 5. e3 a6 6. a4 c5 7. Bxc4 Nc6 8. 0-0 Be7 9. Qe2 cxd4 10. Rd1 e5 11. exd4 exd4 12. Nxd4 Nxd4 13. Qe3 0-0 14. Qxd4 Qxd4 15. Rxd4 Bc5 16. Rd1 Bg4 17. Re1 Rac8 18. Bf1 Bd4 19. Bg5 Bxc3 20. bxc3 Rxc3 21. Rab1 Rc7 22. Bxf6 gxf6 23. Rb6 Bd7 24. Re7 Rfc8 25. Rxf6 Bxa4 26. Rfxf7 Rxe7 27. Rxe7 Rc1 0-1

[Event "Veliko Gradiste Silver Lake op-A"]
[Site "Veliko Gradiste"]
[Date "2021.06.27"]
[Round "6"]
[White "Kandjolas, Konstantin"]
[Black "Efremov, Vladislav"]
[Result "0-1"]
[WhiteElo "2017"]
[BlackElo "2173"]
[PlyCount "98"]
[EventDate "2021.06.23"]
[EventType "swiss"]
[EventRounds "9"]
[EventCountry "SRB"]
[SourceTitle "EXT 2022"]
[Source "ChessBase"]
[SourceDate "2021.10.06"]
[SourceVersion "1"]
[SourceVersionDate "2021.10.06"]
[SourceQuality "1"]

1. d4 Nf6 2. c4 c5 3. d5 b5 4. cxb5 a6 5. bxa6 g6 6. Nc3 Bxa6 7. g3 Bg7 8. Bg2 d6 9. Nf3 0-0 10. 0-0 Nbd7 11. Rb1 Qa5 12. Bd2 Rfb8 13. b3 Ra7 14. Qc2 Rab7 15. Rfe1 Qc7 16. h3 Ne8 17. Na4 c4 18. bxc4 Rxb1 19. Rxb1 Qxc4 20. Qxc4 Rxb1+ 21. Qc1 Rxc1+ 22. Bxc1 Bxe2 23. Bb2 Nb6 24. Bxg7 Nxa4 25. Bd4 Bc4 26. Bf1 Bxf1 27. Kxf1 Nc7 28. Ke2 Nxd5 29. Kd3 Kf8 30. Kc4 e6 31. a3 Ke7 32. Kb5 Nac3+ 33. Kc4 Ne4 34. a4 Kd7 35. a5 Nc7 36. Kd3 f5 37. g4 Kc6 38. gxf5 gxf5 39. Ne1 Kb5 40. Bb6 Nd5 41. Nc2 Nxb6 42. axb6 Kxb6 43. Nd4 Nc5+ 44. Ke3 Kc7 45. Nb5+ Kc6 46. Nc3 Kd7 47. Kd4 Ne4 48. Nd1 Ng5 49. f4 Nxh3 0-1

[Event "SRB-ch sf"]
[Site "Paracin"]
[Date "2021.03.20"]
[Round "7"]
[White "Bjelanovic, Nemanja"]
[Black "Kandjolas, Konstantin"]
[Result "0-1"]
[WhiteElo "1693"]
[BlackElo "2041"]
[PlyCount "122"]
[EventDate "2021.03.16"]
[EventType "swiss"]
[EventRounds "9"]
[EventCountry "SRB"]
[SourceTitle "CBM 201 Extra"]
[Source "ChessBase"]
[SourceDate "2021.05.31"]
[SourceVersion "1"]
[SourceVersionDate "2021.05.31"]
[SourceQuality "1"]

1. d4 d5 2. Nf3 Nf6 3. Bg5 e6 4. Nbd2 Be7 5. e3 0-0 6. Bd3 Nbd7 7. 0-0 b6 8. Re1 c5 9. c3 Bb7 10. Qc2 c4 11. Bf1 b5 12. a3 a5 13. Bf4 Nh5 14. Ne5 f6 15. Nxd7 Qxd7 16. Qd1 Nxf4 17. exf4 Bd6 18. Qg4 Rae8 19. Nf3 Qf7 20. Re2 Bc8 21. Qh4 Bd7 22. g3 Re7 23. Bg2 h6 24. Rae1 Kh7 25. Qh3 e5 26. f5 e4 27. Nh4 Kg8 28. g4 Ra8 29. Ng6 Ree8 30. f3 exf3 31. Qxf3 Bc6 32. Re6 Rxe6 33. Rxe6 Qc7 34. h4 Rd8 35. Qe3 Bd7 36. Ne7+ Bxe7 37. Rxe7 Qd6 38. Qe2 Kf8 39. Re3 Re8 40. Rxe8+ Bxe8 41. Qe3 Bd7 42. Bh3 Kf7 43. g5 hxg5 44. hxg5 fxg5 45. Qxg5 Qh6 46. Qg6+ Qxg6+ 47. fxg6+ Ke7 48. Bxd7 Kxd7 49. Kf2 Ke6 50. Kf3 Kf5 51. Kg3 Kxg6 52. Kg4 Kf6 53. Kf4 g5+ 54. Kf3 Kf5 55. Kg3 g4 56. Kg2 Kf4 57. Kf2 g3+ 58. Kg2 Kg4 59. Kg1 Kf3 60. Kf1 g2+ 61. Kg1 Kg3 0-1

[Event "SRB-ch U14"]
[Site "Kragujevac"]
[Date "2019.05.03"]
[Round "7"]
[White "Kandjolas, Konstantin"]
[Black "Pajcin, Lav"]
[Result "0-1"]
[WhiteElo "1798"]
[BlackElo "1960"]
[PlyCount "58"]
[EventDate "2019.04.29"]
[EventType "swiss"]
[EventRounds "9"]
[EventCountry "SRB"]
[SourceTitle "EXT 2022"]
[Source "ChessBase"]
[SourceDate "2021.10.06"]
[SourceVersion "1"]
[SourceVersionDate "2021.10.06"]
[SourceQuality "1"]

1. d4 Nf6 2. c4 g6 3. Nc3 Bg7 4. e4 d6 5. f3 0-0 6. Be3 Nbd7 7. Qd2 e5 8. d5 Nh5 9. Bd3 a6 10. Nge2 f5 11. exf5 gxf5 12. 0-0-0 Nc5 13. b4 Nxd3+ 14. Qxd3 Qf6 15. g3 Bd7 16. f4 Rae8 17. Kb2 Qg6 18. Rdg1 Nf6 19. h3 Ne4 20. Kc2 c6 21. g4 Nxc3 22. Nxc3 exf4 23. Bxf4 fxg4 24. Qxg6 hxg6 25. Bxd6 Rf2+ 26. Kb3 Rf3 27. Rg3 Ree3 28. Rxf3 gxf3 29. Rc1 Rxc3+ 0-1

[Event "SRB-ch U14"]
[Site "Kragujevac"]
[Date "2019.05.02"]
[Round "5"]
[White "Petrovic, Aleksa"]
[Black "Kandjolas, Konstantin"]
[Result "1/2-1/2"]
[WhiteElo "1933"]
[BlackElo "1798"]
[PlyCount "120"]
[EventDate "2019.04.29"]
[EventType "swiss"]
[EventRounds "9"]
[EventCountry "SRB"]
[SourceTitle "EXT 2022"]
[Source "ChessBase"]
[SourceDate "2021.10.06"]
[SourceVersion "1"]
[SourceVersionDate "2021.10.06"]
[SourceQuality "1"]

1. e4 c5 2. Nf3 e6 3. d4 cxd4 4. Nxd4 a6 5. Bd3 Nf6 6. 0-0 Qc7 7. Qe2 Bd6 8. f4 Bc5 9. c3 Nc6 10. Be3 Qb6 11. Nc2 d5 12. e5 Bxe3+ 13. Qxe3 Qxe3+ 14. Nxe3 Nd7 15. Nd2 h5 16. Nb3 b5 17. Nc2 Nb6 18. Ncd4 Bd7 19. Nc5 g6 20. b3 Ke7 21. a4 Nxd4 22. cxd4 Bc6 23. Be2 Nd7 24. Nd3 a5 25. Rfc1 Rhc8 26. Nc5 Nxc5 27. Rxc5 bxa4 28. bxa4 Bd7 29. Bb5 Rxc5 30. dxc5 Rc8 31. Rc1 Bc6 32. Kf2 Kd7 33. Ke3 Rb8 34. Rb1 Kc7 35. Kf2 Kd8 36. Kg3 Ke7 37. Kh4 Rb7 38. Kg5 Rb8 39. Rc1 Rc8 40. Kh6 Rc7 41. h3 d4 42. g4 hxg4 43. hxg4 Be4 44. Re1 Bd5 45. Rd1 Rxc5 46. Rxd4 Bc6 47. Bxc6 Rxc6 48. Kg5 Rb6 49. Rc4 Rb4 50. Rc7+ Ke8 51. f5 exf5 52. gxf5 gxf5 53. Kf6 Rb6+ 54. Kxf5 Rb4 55. Ra7 Rxa4 56. Kf6 Rf4+ 57. Kg5 Ra4 58. e6 fxe6 59. Kf6 Ra1 60. Kxe6 Re1+ 1/2-1/2

[Event "SRB-ch sf"]
[Site "Kragujevac"]
[Date "2019.03.13"]
[Round "8"]
[White "Stefanovic, Goran"]
[Black "Kandjolas, Konstantin"]
[Result "1-0"]
[WhiteElo "2012"]
[BlackElo "1841"]
[PlyCount "85"]
[EventDate "2019.03.08"]
[EventType "swiss"]
[EventRounds "9"]
[EventCountry "SRB"]
[SourceTitle "CBM 189 Extra"]
[Source "ChessBase"]
[SourceDate "2019.06.03"]
[SourceVersion "1"]
[SourceVersionDate "2019.06.03"]
[SourceQuality "1"]

1. Nf3 Nf6 2. b3 g6 3. Bb2 Bg7 4. e3 0-0 5. Be2 d5 6. 0-0 c5 7. c4 Nc6 8. cxd5 Nxd5 9. Bxg7 Kxg7 10. d4 cxd4 11. Nxd4 Ndb4 12. Nc3 Nxd4 13. exd4 Be6 14. a3 Nd5 15. Ne4 b6 16. Ng5 Bf5 17. Bc4 h6 18. Nf3 Bg4 19. h3 Bxf3 20. Qxf3 e6 21. Rfe1 Qd6 22. a4 Rfd8 23. Rad1 Nb4 24. Qc3 Nd5 25. Qf3 Nb4 26. Re5 Nc6 27. Re4 Ne7 28. h4 h5 29. g4 hxg4 30. Rxg4 Nd5 31. Rg5 f6 32. Rg4 Kf7 33. Re1 Rh8 34. Rge4 Rae8 35. Rxe6 Rxe6 36. Qxd5 Qxd5 37. Bxd5 Rhe8 38. Kg2 f5 39. Kf3 Kf6 40. Rxe6+ Rxe6 41. Bxe6 Kxe6 42. Kf4 Kd5 43. Kg5 1-0

[Event "SRB-ch sf"]
[Site "Kragujevac"]
[Date "2019.03.09"]
[Round "3"]
[White "Kandjolas, Konstantin"]
[Black "Stojanovic, Vladica"]
[Result "1-0"]
[WhiteElo "1841"]
[BlackElo "1840"]
[PlyCount "61"]
[EventDate "2019.03.08"]
[EventType "swiss"]
[EventRounds "9"]
[EventCountry "SRB"]
[SourceTitle "CBM 189 Extra"]
[Source "ChessBase"]
[SourceDate "2019.06.03"]
[SourceVersion "1"]
[SourceVersionDate "2019.06.03"]
[SourceQuality "1"]

1. d4 e6 2. c4 Nf6 3. Nf3 b6 4. g3 Ba6 5. Qa4 Bb7 6. Bg2 Be7 7. 0-0 0-0 8. Nc3 d6 9. Qc2 Nbd7 10. e4 e5 11. Rd1 Qb8 12. h3 Re8 13. Be3 Bf8 14. b4 a5 15. a3 axb4 16. axb4 Rxa1 17. Rxa1 g6 18. d5 Bg7 19. Nd2 c6 20. Qa4 Qa8 21. Qd1 Qb8 22. Nb3 cxd5 23. cxd5 Rc8 24. Qd3 Ne8 25. Nb5 f5 26. exf5 e4 27. Qxe4 Bxa1 28. Qe6+ Kh8 29. Nxa1 Ne5 30. Qe7 Qa8 31. Qf8# 1-0

[Event "Paracin Winter op"]
[Site "Paracin"]
[Date "2019.02.02"]
[Round "3"]
[White "Milutinovic, Bojan"]
[Black "Kandjolas, Konstantin"]
[Result "1/2-1/2"]
[WhiteElo "1853"]
[BlackElo "1956"]
[PlyCount "45"]
[EventDate "2019.01.31"]
[EventType "swiss"]
[EventRounds "9"]
[EventCountry "SRB"]
[SourceTitle "CBM 188 Extra"]
[Source "ChessBase"]
[SourceDate "2019.02.26"]
[SourceVersion "1"]
[SourceVersionDate "2019.02.26"]
[SourceQuality "1"]

1. e4 c5 2. Nf3 e6 3. d4 cxd4 4. Nxd4 a6 5. Nc3 Qc7 6. Be2 Nf6 7. 0-0 Bb4 8. Qd3 Nc6 9. Bd2 0-0 10. a3 Ne5 11. Qg3 Bxc3 12. Bxc3 Nxe4 13. Nxe6 Nxg3 14. Nxc7 Nxe2+ 15. Kh1 Nxc3 16. Nxa8 Nd5 17. Rad1 Nf6 18. Nb6 Nc6 19. Rfe1 d5 20. Nxd5 Nxd5 21. Rxd5 Be6 22. Rd6 Rd8 23. Red1 1/2-1/2

[Event "SRB-chT2 East"]
[Site "Serbia"]
[Date "2018.09.09"]
[Round "5.16"]
[White "Manic, Veljko"]
[Black "Kandjolas, Konstantin"]
[Result "1-0"]
[WhiteElo "1902"]
[BlackElo "1915"]
[PlyCount "117"]
[EventDate "2018.09.07"]
[EventType "team-tourn"]
[EventRounds "11"]
[EventCountry "SRB"]
[SourceTitle "EXT 2021"]
[Source "ChessBase"]
[SourceDate "2020.10.23"]
[SourceVersion "1"]
[SourceVersionDate "2020.10.23"]
[SourceQuality "1"]
[WhiteTeam "Cuprija Radnicki"]
[BlackTeam "Pozarevac"]
[WhiteTeamCountry "SRB"]
[BlackTeamCountry "SRB"]

1. e4 c5 2. Nf3 e6 3. d4 cxd4 4. Nxd4 a6 5. Nc3 Qc7 6. a3 Nf6 7. Be2 d6 8. Be3 Be7 9. 0-0 b5 10. f4 Bb7 11. Bf3 Nbd7 12. Qe2 Nb6 13. Bf2 0-0 14. Qd3 Nfd7 15. Rfe1 Rac8 16. Rac1 Rfd8 17. Qe2 Bf6 18. f5 Bxd4 19. Bxd4 e5 20. Bf2 Nc4 21. Nd1 Ndb6 22. f6 g6 23. b3 Nxa3 24. Qe3 Nd7 25. Qh6 Nxf6 26. Bh4 Qe7 27. Ne3 Qf8 28. Qxf8+ Rxf8 29. Bxf6 Rfe8 30. Red1 Rc3 31. Rd3 Rec8 32. Rxc3 Rxc3 33. Kf2 b4 34. Be7 Nb5 35. Rd1 Nd4 36. Bxd6 Nxc2 37. Bxe5 Rc8 38. Bg4 Nxe3 39. Kxe3 Re8 40. Kd4 Rd8+ 41. Kc5 Rxd1 42. Bxd1 Bxe4 43. g3 f5 44. Be2 Kf7 45. Bxa6 Ke6 46. Bd4 g5 47. Bc4+ Ke7 48. Be5 h5 49. Kxb4 Bf3 50. Kc5 Kd7 51. b4 Be4 52. b5 h4 53. b6 hxg3 54. hxg3 Bb7 55. Bd5 Ba6 56. b7 Bxb7 57. Bxb7 f4 58. g4 Ke6 59. Bb8 1-0

[Event "Veliko Gradiste Silver Lake op"]
[Site "Veliko Gradiste"]
[Date "2018.06.19"]
[Round "4"]
[White "Damjanovic, Vuk"]
[Black "Kandjolas, Konstantin"]
[Result "1-0"]
[WhiteElo "1991"]
[BlackElo "1792"]
[PlyCount "71"]
[EventDate "2018.06.17"]
[EventType "swiss"]
[EventRounds "9"]
[EventCountry "SRB"]
[SourceTitle "CBM 185 Extra"]
[Source "ChessBase"]
[SourceDate "2018.07.29"]
[SourceVersion "1"]
[SourceVersionDate "2018.07.29"]
[SourceQuality "1"]

1. d4 Nf6 2. c4 g6 3. Nc3 Bg7 4. e4 d6 5. Be2 0-0 6. Be3 e5 7. d5 c6 8. h4 h5 9. Nh3 cxd5 10. cxd5 a6 11. Ng5 b5 12. Qd2 Nbd7 13. f3 Nb6 14. b3 Bd7 15. a3 Rc8 16. 0-0 Nh7 17. Rfc1 Nxg5 18. hxg5 f5 19. gxf6 Bxf6 20. g3 g5 21. Kg2 Rf7 22. Rh1 Rh7 23. Rac1 h4 24. g4 Be8 25. Na2 Rxc1 26. Rxc1 Na8 27. Nb4 a5 28. Nc6 Bxc6 29. Rxc6 Rc7 30. Qxa5 h3+ 31. Kh2 Rxc6 32. Qxd8+ Bxd8 33. dxc6 Nc7 34. Bb6 Kf7 35. Bxb5 Nxb5 36. Bxd8 1-0

[Event "Veliko Gradiste Silver Lake op"]
[Site "Veliko Gradiste"]
[Date "2018.06.17"]
[Round "1"]
[White "Avalyan, Artur"]
[Black "Kandjolas, Konstantin"]
[Result "1-0"]
[WhiteElo "2268"]
[BlackElo "1792"]
[PlyCount "77"]
[EventDate "2018.06.17"]
[EventType "swiss"]
[EventRounds "9"]
[EventCountry "SRB"]
[SourceTitle "CBM 185 Extra"]
[Source "ChessBase"]
[SourceDate "2018.07.29"]
[SourceVersion "1"]
[SourceVersionDate "2018.07.29"]
[SourceQuality "1"]

1. d4 Nf6 2. c4 g6 3. Nc3 Bg7 4. e4 d6 5. Be2 0-0 6. Be3 c6 7. Nf3 Bg4 8. 0-0 Nfd7 9. h3 Bxf3 10. Bxf3 e5 11. d5 c5 12. Be2 f5 13. exf5 gxf5 14. f4 e4 15. g4 Qh4 16. Kg2 Na6 17. Qd2 Nb4 18. Nb5 Qf6 19. Nc7 Rac8 20. Ne6 Rfe8 21. a3 Nd3 22. Bxd3 exd3 23. Rf2 fxg4 24. hxg4 Qg6 25. Rf3 Qe4 26. Rc1 Nf8 27. Ng5 Qe7 28. f5 Bd4 29. Ne6 Qh4 30. Bxd4 cxd4 31. Rh1 Qe7 32. f6 Qf7 33. Qg5+ Ng6 34. Rxh7 Kxh7 35. Rh3+ Kg8 36. Rh6 Rxe6 37. dxe6 Qxe6 38. Qxg6+ Kf8 39. Rh8+ 1-0

[Event "Paracin Winter op"]
[Site "Paracin"]
[Date "2018.02.01"]
[Round "3"]
[White "Kandjolas, Konstantin"]
[Black "Andrijevic, Milan"]
[Result "0-1"]
[WhiteElo "1816"]
[BlackElo "2293"]
[PlyCount "94"]
[EventDate "2018.01.30"]
[EventType "swiss"]
[EventRounds "9"]
[EventCountry "SRB"]
[SourceTitle "CBM 182 Extra"]
[Source "ChessBase"]
[SourceDate "2018.02.23"]
[SourceVersion "1"]
[SourceVersionDate "2018.02.23"]
[SourceQuality "1"]

1. d4 d5 2. Bf4 Nf6 3. e3 c5 4. c3 Nbd7 5. Nd2 g6 6. h3 Bg7 7. Ngf3 0-0 8. Be2 b6 9. 0-0 Bb7 10. a4 a6 11. Ne5 Nxe5 12. Bxe5 Nd7 13. Bxg7 Kxg7 14. a5 b5 15. dxc5 Nxc5 16. Nb3 Nxb3 17. Qxb3 Qd6 18. Rfd1 Qc5 19. Bf3 e6 20. Rd2 Rfc8 21. Qa3 Qxa3 22. Rxa3 Rc7 23. Rb3 Rac8 24. Rb4 Rc4 25. Be2 Rxb4 26. cxb4 Kf6 27. Bd3 Rc1+ 28. Kh2 e5 29. Kg3 Ke6 30. Rc2 Rxc2 31. Bxc2 f5 32. f3 g5 33. Kf2 h5 34. g4 hxg4 35. hxg4 fxg4 36. fxg4 e4 37. Bb3 Ke5 38. Bd1 d4 39. Bb3 Bd5 40. Bd1 Be6 41. Be2 Bb3 42. Bf1 Kd5 43. Bxb5 axb5 44. a6 Ke5 45. Ke2 dxe3 46. Kxe3 Bd5 47. a7 Bb7 0-1

[Event "Paracin Winter op"]
[Site "Paracin"]
[Date "2018.01.31"]
[Round "2"]
[White "Tomic, Stefan"]
[Black "Kandjolas, Konstantin"]
[Result "1/2-1/2"]
[WhiteElo "1575"]
[BlackElo "1816"]
[PlyCount "22"]
[EventDate "2018.01.30"]
[EventType "swiss"]
[EventRounds "9"]
[EventCountry "SRB"]
[SourceTitle "CBM 182 Extra"]
[Source "ChessBase"]
[SourceDate "2018.02.23"]
[SourceVersion "1"]
[SourceVersionDate "2018.02.23"]
[SourceQuality "1"]

1. e4 c5 2. c4 d6 3. d3 Nc6 4. Nc3 Nf6 5. f4 g6 6. g3 Bg7 7. Bg2 0-0 8. Nf3 Bd7 9. 0-0 a6 10. Be3 Qc7 11. h3 Rab8 1/2-1/2

[Event "SRB-chT2 East"]
[Site "Serbia"]
[Date "2017.10.08"]
[Round "11.3"]
[White "Kandjolas, Konstantin"]
[Black "Petrovic, Dusan"]
[Result "0-1"]
[WhiteElo "1869"]
[BlackElo "1873"]
[PlyCount "62"]
[EventDate "2017.09.08"]
[EventType "team-tourn"]
[EventRounds "11"]
[EventCountry "SRB"]
[SourceTitle "EXT 2022"]
[Source "ChessBase"]
[SourceDate "2021.10.06"]
[SourceVersion "1"]
[SourceVersionDate "2021.10.06"]
[SourceQuality "1"]

1. d4 d5 2. Nf3 Nf6 3. Bf4 c6 4. c3 h6 5. e3 Bf5 6. h3 e6 7. Nbd2 Qb6 8. Qb3 Nbd7 9. Be2 Be7 10. 0-0 c5 11. c4 0-0 12. Rac1 Rac8 13. Rfd1 Rfd8 14. Bh2 Bh7 15. cxd5 Nxd5 16. Qxb6 N7xb6 17. Nc4 Nxc4 18. Bxc4 Nb6 19. Be2 cxd4 20. Nxd4 Nd5 21. Bf3 Bg6 22. Bg3 Bf6 23. e4 Rxc1 24. Rxc1 Bxd4 25. exd5 exd5 26. Rd1 Bxb2 27. Bxd5 b6 28. Rd2 Rxd5 29. Rxb2 Bd3 30. a4 a5 31. Bc7 Bc4 0-1